000
00486nam a2200181Ia 4500
008
090123s9999 xx 000 0 und d
082
_b
39798
100
_a
परब गजानन
245
_a
स्वप्नं
250
_a
1
260
_b
अनघा प्रकाशन
_c
2006
300
_a
112
600
_a
परब गजानन
630
_a
स्वप्नं
700
_a
परब गजानन
730
_a
स्वप्नं
942
_c
BOOK
999
_c
77870
_d
77870